[Event "Zuerich Chess Challenge Rapid 5th"]
[Site "Zuerich"]
[Date "2016.02.13"]
[Round "2"]
[White "Giri, Anish"]
[Black "Anand, Viswanathan"]
[Result "0-1"]
[WhiteElo "2798"]
[BlackElo "2784"]
[Annotator "Marin,M"]
[PlyCount "90"]
[EventDate "2016.02.13"]
[EventType "tourn (rapid)"]
[EventRounds "5"]
[EventCountry "SUI"]
[EventCategory "21"]
[SourceTitle "CBM 171"]
[Source "ChessBase"]
[SourceDate "2016.03.14"]
[SourceVersion "2"]
[SourceVersionDate "2016.03.14"]
[SourceQuality "1"]

1. e4 e5 2. Nf3 Nc6 3. Bc4 Bc5 4. O-O Nf6 5. d3 d6 6. c3 a6 7. a4 $5 {Karjakin,
S (2769)-Tomashevsky,E (2728) Tata Steel-A 78th 2016 (4) 1-0 A unusual way of
preventing the bishop's exchange with ...Na5. There is some abstract
similarity with Black's ...a7-a5 in the same opening in} ({The normal
continuation is} 7. Bb3) 7... O-O 8. Re1 h6 ({Another recent game with an
original white development went:} 8... Ba7 9. Na3 h6 {This will prove a bit
slow.} (9... Be6 $5) 10. Nc2 Re8 11. Be3 Be6 12. Bxe6 Rxe6 13. Bxa7 Rxa7 14. d4
exd4 15. Nfxd4 Nxd4 16. Qxd4 Ra8 17. f3 a5 18. Ne3 $14 {So,W (2773)-Mamedyarov,
S (2747) Wijk aan Zee 2016 (1/2-1/2, 38)}) 9. h3 {I am not sure whether this
move is really necessary at this stage.} (9. Nbd2 Ba7 (9... Ng4 10. Re2 Kh8 {
doesn't work here because after} 11. h3 {Black doesn't have ...Nh6 followed by
...f5.}) 10. Nf1 Ne7 11. Ng3 Ng6 12. Bb3 Re8 13. h3 {This is more justified
now than right in the opening.} (13. d4 Bg4) ({But} 13. a5 $5 {deserves
attention.}) 13... Be6 14. Bxe6 Rxe6 (14... fxe6 15. d4) 15. d4 (15. Nf5 d5 16.
Qb3) 15... Re8 16. dxe5 $6 (16. Qc2 $14 {[%cal Gc1e3]}) 16... dxe5 $11 {
Petrov,M (2511)-Georgiev,V (2566) Sunny Beach 2012 (1/2-1/2, 36)}) 9... Be6 $5
{Anand,V (2784)-Aronian,L (2792) Zuerich Chess Challenge Rapid 5th 2016 (1)
1-0 Anand opts for a similar structure as in his game against Aronian from the
same tournament but with reversed colours.} ({The alternative plan of
neutralising the Italian bishop is} 9... Re8 10. Nbd2 Be6 11. a5 (11. b4 Ba7
12. Bxe6 Rxe6 13. Nf1 d5 14. Qc2 {offers better chances for keeping some
pressure.}) 11... Qd7 (11... Bxc4 12. dxc4 (12. Nxc4 d5 13. exd5 Qxd5 $15)
12... Qd7 13. Nf1 Ne7 14. Ng3 Qe6 15. b4 Ba7 16. Qd3 Rad8 17. Ra2 $13) 12. Nh2
Rad8 13. Qf3 d5 $36 {Shchukin,D (2344)-Aleksandrov,A (2628) Voronezh 2011 (0-1,
31)}) 10. Bxe6 fxe6 11. Be3 Bxe3 12. Rxe3 (12. fxe3 d5 $11) 12... Qd7 13. Nbd2
{For the time being none of the players pays any attention to the thematic
a4-a5 and ...a6-a5.} Qf7 (13... a5 14. Qb3 {[%cal Gb3b5,Gb3c4]}) 14. g3 {
The usefulness of this move is equally mysterious to me as was the case with
h2-h3.} ({White could have played} 14. a5 $5 {and only if} Nh5 {then} 15. g3 {
leaving the knight misplaced.}) 14... Nd7 15. Kg2 (15. a5 d5 $132) 15... a5 $5
(15... d5 {is entirely playable here, too.}) 16. Qc2 ({The main point behind
Black's last move is that} 16. Qb3 {can be parried with} Nc5) 16... Nc5 17. Rf1
Qd7 18. b3 {It has become clear by now that instead of a queenside space
advantage White has some weaknesses on that wing. But his position is solid
enough and chances are fairly equal.} Ne7 {The start of an ambitious but
strategically risky plan.} (18... Rf7 $11 {[%cal Ga8f8]}) 19. Nc4 b5 20. axb5
Qxb5 {Targeting b3.} 21. Rb1 Nc6 22. Ncd2 Rab8 23. d4 $1 {An action on the
wing is best answered with an attack in the centre!} exd4 24. Nxd4 $1 {
Weakening Black's defence along the c-file.} (24. cxd4 Na6 25. Rc1 Nab4 $132)
24... Nxd4 25. cxd4 $14 {A brief glance at the position reveals that Black's
ambitions have left him with a slightly worse structure and no real initiative.
} Na6 26. Qc3 $6 {This would have allowed Black to equalise.} ({It would have
been useful to strengthen the pressure on the c-file.} 26. Rc1 $14) 26... Qb6
$2 ({Missing the strong} 26... Nb4 $3 {with a far from obvious tactical
justification:} 27. Qxc7 Rbc8 28. Qxd6 Nc2 29. Qxe6+ {Grabbing one pawn after
another but things are not that simple.} Kh7 {The point is that White has to
give up the exchange since} 30. Rf3 $2 {loses to} Qe2 $19) 27. Nf3 $6 {
Probably fearing ghosts along the f-file.} (27. Nc4 {would have won the
a5-pawn without any compensation.}) 27... Nb4 28. Qc4 Rbe8 29. Rc1 Rf7 30. Nd2
{It is too late already to find a good square for this knight.} ({White should
have maintained the status quo with} 30. Rcc3 $11 {for instance} d5 31. Qc5)
30... Ref8 31. f4 $2 {This looks like an aggressive move, but it actually is
close to suicide.} (31. Qxe6 d5 $3 {[%cal Re6g8]} 32. Qxb6 (32. exd5 Qxe6 33.
dxe6 Rxf2+ 34. Kh1 Rxd2 $19) 32... Rxf2+ 33. Kh1 cxb6 $17) (31. Rf1 $5 $11)
31... e5 $1 {Suddenly Black is much better coordinated and the white centre is
about to explode.} 32. Nf3 ({White might have missed that} 32. fxe5 {would run
into} d5 $1 {[%cal Rc4g8]} 33. Qe2 (33. exd5 Rf2+) 33... Rf2+ 34. Qxf2 Rxf2+
35. Kxf2 Qxd4 $17) 32... exf4 33. gxf4 d5 $1 {A familiar issue.} 34. exd5 Qd6
$17 {White has nothing to show for his weakened king's position.} (34... Rxf4
$2 35. d6+) 35. Ne5 Rxf4 36. Kg1 Kh7 {Black has a strong attack and winning a
pawn on d5 is a pure matter of time. Actually Anand will not even care for the
latter aspect, as his killer instinct focused on the enemy king.} 37. Rg3 R8f5
38. Rg4 Qf6 39. Rxf4 Rxf4 40. Rf1 Qg5+ 41. Kh2 Re4 42. Nf3 Qf4+ 43. Kg2 Re3 44.
Qc1 Re2+ $1 {This is the right way to take advantage of the hanging white
queen as White cannot interpose the rook.} (44... Rxf3 $2 45. Qxf4) 45. Kh1 Qg3
0-1

[Event "Zuerich Chess Challenge Rapid 5th"]
[Site "Zuerich"]
[Date "2016.02.14"]
[Round "3"]
[White "Anand, Viswanathan"]
[Black "Shirov, Alexei"]
[Result "1/2-1/2"]
[WhiteElo "2784"]
[BlackElo "2684"]
[Annotator "Mekhitarian,K"]
[PlyCount "103"]
[EventDate "2016.02.13"]
[EventType "tourn (rapid)"]
[EventRounds "5"]
[EventCountry "SUI"]
[EventCategory "21"]
[SourceTitle "CBM 171"]
[Source "ChessBase"]
[SourceDate "2016.03.14"]
[SourceVersion "2"]
[SourceVersionDate "2016.03.14"]
[SourceQuality "1"]

1. e4 e5 2. Nf3 Nc6 3. Bb5 a6 4. Ba4 Nf6 5. d3 $5 {Anand chooses to avoid the
Open Spanish (5.0-0 Nxe4), and wants to play a middlegame with many
possibilities for both sides.} d6 6. c3 g6 {Black takes advantage from the
fact that the bishop hasn't developed to e7 yet, and chooses a more flexible
setup with g6-Bg7.} 7. O-O Bg7 8. Nbd2 O-O 9. Re1 Nh5 $5 {Shirov is known for
being very faithful to his opening ideas. Here he repeats a plan that he had
used 3 times in the past.} 10. Nf1 f5 {Starting direct play on the kingside.
Oh, and he is also known for his aggressive and objective play!} 11. Ng3 (11.
exf5 $5 Bxf5 12. Ng5 (12. Ng3 Nxg3 13. hxg3 Kh8 $13) 12... Kh8 13. Bb3 d5 $1 {
very provocative play - a challenge accepted by Morozevich} 14. g4 $5 Nf4 15.
Bxf4 exf4 16. Nxh7 Kxh7 17. gxf5 Rxf5 18. d4 Qh4 19. Kh1 $5 Qxf2 (19... Rh5 $5
20. Qf3 Ne7 $13 {with complicated play, Black wants to play Bf6-Kg7-Rh8}) 20.
Qg4 $1 {sacrificing a second pawn, White gets a lot of initiative} Qxb2 21.
Rac1 $44 {Rc2 and Re6 are possible ideas} Raf8 22. Bc2 f3 $2 23. Ne3 $18 f2 24.
Bxf5 fxe1=Q+ 25. Rxe1 Rf6 26. Rg1 Ne7 27. Nxd5 Nxd5 28. Bxg6+ Kg8 29. Bh5 {
1-0 (29) Morozevich,A (2732)-Shirov,A (2736) Monte Carlo 2004}) 11... fxe4 12.
Bb3+ Kh8 13. Ng5 (13. Nxh5 exf3 14. Nxg7 Kxg7 $17 {has to be good for Black,
the weaknesses around the white king are more sensitive that Black's ones.})
13... Nf4 $5 14. Nf7+ Rxf7 15. Bxf7 {Black sacrifices an exchange, getting two
pawns and some very interesting piece activity on the kingside.} Qf8 16. Bb3
exd3 (16... Nxd3 $5 {was another way to play this. In any case, there is
compensation and a lot of play} 17. Rf1 Nxc1 18. Rxc1 Na5 19. Nxe4 (19. Bc2 Bh6
20. Ra1 e3 21. fxe3 Bxe3+ 22. Kh1 Qg8 $44 {and Black has great play with the
bishop pair}) 19... Bh6 20. Rc2 Nxb3 21. axb3 Be6 22. c4 Qe7 $44 {followed by .
..Rf8. It feels like the way Shirov played (16...exd3) is more interesting
than this.}) 17. Bc4 d5 18. Bxd3 e4 (18... Bg4 $5 19. f3 Be6 20. Bf1 Rd8 $44 {
with a very rich and complex position, exactly as to the liking of both these
players.}) 19. Bf1 (19. Bc2 $1 {not very logical, but based on a concrete
sequence} Be6 (19... Ne7 20. Be3 $16 {followed by Qd2, Rf1 and f3!. If White
manages to break the central structure, he should have the better chances
always.}) 20. Nxe4 $1 {an important tactical shot} dxe4 21. Rxe4 Rd8 22. Qf1
Nh3+ 23. gxh3 Bf5 24. Bg5 $1 {returning the exchange for the control of the
light squares} Bxe4 25. Bxe4 Bf6 26. Be3 $1 $16 {followed by Rd1 and Qg2, for
example. White maintains the bishop pair and a pawn up.}) 19... g5 $2 (19...
Be6 $1 {it was important to develop quickly, because the first thing Black
should avoid is c4 (and the subsequent attack on e4)} 20. c4 Rd8 {arriving in
time for the central exchanges} 21. cxd5 Bxd5 22. Bxf4 Qxf4 $44) 20. c4 $1 dxc4
21. Nxe4 Ne5 22. Bxf4 (22. Nxg5 Nfd3 23. Bxd3 Nxd3 24. Re2 {still led to
complicated play, it looks very scary for White, after Bf5, for example. I
like Anand's move better.}) 22... gxf4 23. Ng5 $6 (23. Qd5 $1 {avoiding Bf5
because of Qxb7:} c6 24. Qd6 Bf5 25. Qxf8+ Rxf8 (25... Bxf8 26. Ng3 $1 fxg3 27.
Rxe5 gxf2+ 28. Kxf2 $16 {and White takes c4, with the better chances}) 26. Nd6
$16) 23... Bf5 24. Qd5 c6 25. Qa5 b5 $44 {Now Black has a lot of compensation
again.} 26. Rad1 $2 {It is hard to criticise such a natural and developing
move, but now things start to go wrong for White.} (26. Qc7 $1 {White
threatens Rxe5, but most importantly, he stops the Qe7-Rg8 plan (that happened
in the game and began to create a lot of serious threats)} Rc8 27. Qb7 Rb8 28.
Qxa6 Qe7 $1 {similar to the game, but now White can equalise:} 29. Rxe5 $1 Bxe5
30. Re1 Qxg5 31. Rxe5 Qf6 32. Re1 Rg8 $36) 26... Qe7 $1 $17 27. Ne4 (27. Rxe5 {
doesn't work quite well now:} Bxe5 28. Re1 Rf8 29. Nf3 Qc7 $1 $17) 27... Rg8 {
Threatening ...Qh4 with devastating effects.} 28. Nd6 (28. Kh1 Bg4 $1 29. f3
Nxf3 30. gxf3 Bxf3+ 31. Bg2 Bxg2+ 32. Kxg2 Bc3+ 33. Ng3 {this amusing resource
doesn't save the game} Bxe1 34. Qxe1 Qxe1 35. Rxe1 fxg3 36. hxg3 Rd8 $19 {
reaching a won endgame.}) 28... Bc2 29. Qd2 Bxd1 30. Qxd1 Rf8 (30... Qd7 {
this subtle move, threatening 31...Nd3 32.Bxd3 Qxd6, followed by the queen
exchange and Bxb2, was another way to win:} 31. Ne4 Nd3 32. Bxd3 cxd3 $19 {
after ...Qd5, Black dominates and should win without trouble.}) 31. Ne4 f3 32.
g3 Rd8 33. Qc1 Nd3 34. Bxd3 cxd3 35. Qxc6 Bxb2 36. Kf1 Qd7 $1 37. Qxd7 Rxd7 38.
Rd1 Rd5 $2 (38... b4 $1 {It was important to start marching fast on the
queenside, White needs to waste a lot of moves to grab the f3-pawn and also
watch the one on d3. Shirov wanted to defend Nc5, but it fails tactically.} 39.
Nd2 (39. Nc5 Rd5 $1 {this resource was certainly missed by Black} 40. Nxa6 (40.
Nxd3 Bc3 {suddenly White is totally paralysed!} 41. Nb2 {otherwise Black
transfers his king to the queenside with an easy win} Ra5 (41... Rxd1+ {
also wins easily} 42. Nxd1 Bd4 $19) 42. Nc4 Rxa2 $19) 40... Bc3 $19 {now there
is a decisive threat of ...d2 and ...Re5/Re1+!}) 39... a5 40. Nxf3 a4 {
threatening b3} 41. Nd2 Rc7 $19 {followed by Rc2, and Black wins, the pawns
are simply too strong.}) 39. Nd2 b4 40. Nxf3 Bc3 $6 (40... Ra5 $1 41. Ne1 Rxa2
42. Nxd3 Bc3 {- 41...Ra5}) 41. Ne1 $6 (41. Nd2 $1 Ra5 42. Ne4 Rxa2 43. Rxd3 $15
{winning an important tempo on c3, White is now close to a draw.}) 41... d2 $6
(41... Ra5 $1 {was definitely worth trying} 42. Nxd3 Rxa2 43. Nc5 a5 44. Rd8+ (
44. Ne4 Rc2 $17 {and Black retains excellent winning chances}) 44... Kg7 45.
Ra8 Kf6 46. f4 {stopping Ke5-Kd5} Kf5 47. h3 Bd4 (47... a4 $6 48. Nxa4 Bf6 49.
Ra5+ Kg6 50. Ra6 b3 51. Rb6 Rxa4 52. Rxb3 $17 {and this endgame should be a
draw}) 48. Nb3 Ke4 (48... Bb6 49. Ra6 Bc7 50. Ra7 a4 51. Nc5 Bb6 52. Rxa4 (52.
g4+ Kxf4 53. Rxa4 Rxa4 54. Nxa4 Ba7 55. Ke2 Kg3 $19) 52... b3 $1 53. g4+ Kg6
54. f5+ Kh6 55. Rb4 Bxc5 56. Rxb3 Kg5 $17 {this is much better for Black
compared to the line from 47...a4, because all the white pawns are blocked.
His winning chances increase a lot here.}) 49. Re8+ Kd5 50. Rd8+ Kc4 51. Nxd4
Rd2 52. f5 Rxd4 53. Rxd4+ Kxd4 54. f6 b3 55. f7 b2 56. f8=Q b1=Q+ 57. Kg2 Qc2+
$17 {with some chances, because of Black's dangerous a-pawn and the weakened
white king.}) 42. Nf3 Ra5 (42... Kg7 {doesn't change much} 43. Ke2 Ra5 44. Nxd2
Rxa2 45. Ke3 Rxd2 (45... a5 46. Ne4 $132) 46. Rxd2 Bxd2+ 47. Kxd2 a5 {and
White quickly advances his pawns as well to avoid any risk of losing (in case
Black tries to go with his king to the queenside)} 48. g4 a4 49. f4 a3 50. Kc2
a2 51. Kb2 b3 52. h4 Kf6 53. h5 h6 54. Ka1 $11) 43. Nxd2 Rxa2 44. Ne4 $1 {
This is the problem with 41...d2, White had time to play Ne4 right away.} a5 {
The safe approach.} (44... Bb2 {it looks risky to put hopes on the black
passed pawns, because White has strong play with Rd7, followed by pawn
advances and knight moves around the black king.} 45. Rd7 a5 46. Rb7 $1 {
important prophylaxis to stop a4 for now} Bd4 47. h4 Rb2 48. h5 a4 49. h6 Kg8
50. f4 a3 $4 (50... Kf8 51. Nd6 {threatening Rf7+ and Re7} Bc5 52. Rf7+ Kg8 53.
Rg7+ Kf8 54. Rf7+ Kg8 $11) 51. Nd6 $1 Kf8 52. Rf7+ Kg8 53. Re7 $18 {and Black
gets mated.}) 45. Nxc3 bxc3 46. Rc1 Ra3 47. Ke2 a4 48. Rc2 Rb3 49. Kd3 a3 50.
Kc4 a2 51. Rxa2 Rb2 52. Ra8+ {A peaceful end to a dramatic battle!} 1/2-1/2

[Event "Leon 29th"]
[Site "Leon"]
[Date "2016.06.11"]
[Round "1.1"]
[White "Anton Guijarro, David"]
[Black "Anand, Viswanathan"]
[Result "1/2-1/2"]
[WhiteElo "2627"]
[BlackElo "2770"]
[PlyCount "63"]
[EventDate "2016.06.10"]
[EventType "k.o. (rapid)"]
[EventRounds "2"]
[EventCountry "ESP"]
[SourceTitle "CBM 173"]
[Source "ChessBase"]
[SourceDate "2016.07.12"]
[SourceVersion "1"]
[SourceVersionDate "2016.07.12"]
[SourceQuality "1"]

1. e4 c5 2. Nf3 d6 3. Bb5+ Bd7 4. Bxd7+ Qxd7 5. c4 Nc6 6. Nc3 g6 7. d4 cxd4 8.
Nxd4 Bg7 9. Be3 Nf6 10. f3 O-O 11. Rc1 Rfc8 12. b3 a6 13. Nxc6 Rxc6 14. Qe2 e6
15. O-O Qc7 16. a4 Nd7 17. Rc2 Bxc3 18. Rxc3 b5 19. axb5 axb5 20. Rfc1 b4 21.
Rd3 Nc5 22. Bxc5 dxc5 23. e5 Rca6 24. Qe3 Ra1 25. Rxa1 Rxa1+ 26. Kf2 Qe7 27.
Qf4 Kg7 28. h4 h5 29. Kg3 Rh1 30. Rd6 Rb1 31. Rd3 Rh1 32. Rd6 1/2-1/2

[Event "Leon 29th"]
[Site "Leon"]
[Date "2016.06.11"]
[Round "1.3"]
[White "Anton Guijarro, David"]
[Black "Anand, Viswanathan"]
[Result "1-0"]
[WhiteElo "2627"]
[BlackElo "2770"]
[PlyCount "81"]
[EventDate "2016.06.10"]
[EventType "k.o. (rapid)"]
[EventRounds "2"]
[EventCountry "ESP"]
[SourceTitle "CBM 173"]
[Source "ChessBase"]
[SourceDate "2016.07.12"]
[SourceVersion "1"]
[SourceVersionDate "2016.07.12"]
[SourceQuality "1"]

1. d4 d5 2. c4 e6 3. Nc3 Be7 4. Nf3 Nf6 5. Bf4 O-O 6. e3 Nbd7 7. c5 c6 8. h3 b6
9. b4 a5 10. a3 h6 11. Qc1 Bb7 12. Bd3 Qc8 13. O-O Ba6 14. Bxa6 Qxa6 15. Qb2
Rfc8 16. Rfc1 Bd8 17. Rab1 axb4 18. axb4 Qb7 19. Nd2 Bc7 20. Bxc7 Qxc7 21. Nb3
bxc5 22. bxc5 e5 23. Qc2 exd4 24. exd4 Nf8 25. Re1 Ne6 26. Qd2 Rcb8 27. Na1 Ne4
28. Nxe4 dxe4 29. Nc2 Rxb1 30. Rxb1 Ra2 31. Re1 Qb8 32. Qb4 Qa8 33. Qb3 Ra4 34.
Qe3 Qa5 35. Qxe4 Rc4 36. Rb1 Qc7 37. Ra1 Qb7 38. Qd3 Qb5 39. Ra8+ Nf8 40. Kh2
Rxc5 41. Rxf8+ 1-0

[Event "Leon 29th"]
[Site "Leon"]
[Date "2016.06.11"]
[Round "1.4"]
[White "Anand, Viswanathan"]
[Black "Anton Guijarro, David"]
[Result "1-0"]
[WhiteElo "2770"]
[BlackElo "2627"]
[PlyCount "135"]
[EventDate "2016.06.10"]
[EventType "k.o. (rapid)"]
[EventRounds "2"]
[EventCountry "ESP"]
[SourceTitle "CBM 173"]
[Source "ChessBase"]
[SourceDate "2016.07.12"]
[SourceVersion "1"]
[SourceVersionDate "2016.07.12"]
[SourceQuality "1"]

1. d4 Nf6 2. c4 e6 3. Nf3 b6 4. g3 c6 5. Bg2 d5 6. O-O Be7 7. Nc3 O-O 8. Qd3
Ba6 9. b3 Nbd7 10. e4 Rc8 11. Rd1 h6 12. e5 Nh7 13. Qc2 Qc7 14. Ne2 Rfd8 15.
Nf4 Ng5 16. Nxg5 Bxg5 17. h4 Be7 18. Bb2 Nf8 19. Rac1 Qb8 20. Qe2 c5 21. Qe1
dxc4 22. d5 c3 23. Qxc3 exd5 24. Nxd5 Re8 25. Qf3 Ne6 26. Qg4 Rcd8 27. Be4 Bb7
28. Qf3 Bxd5 29. Bxd5 Bf8 30. Rd3 Qc7 31. Rcd1 Qe7 32. h5 Qg5 33. Kg2 Qe7 34.
a4 Qc7 35. Qe4 Be7 36. f4 Qc8 37. Qc4 Kf8 38. Bc1 a6 39. Qe4 Kg8 40. Bb7 Qc7
41. Bxa6 Rd4 42. Rxd4 cxd4 43. Bd3 Bb4 44. Bc4 Bc3 45. Bd2 Nc5 46. Qf3 Bxd2 47.
Rxd2 Rd8 48. Bb5 Kf8 49. Rc2 Qe7 50. b4 Ne6 51. Rb2 Qc7 52. Qc6 Qxc6+ 53. Bxc6
d3 54. Rd2 Rd4 55. f5 Nc7 56. Kf3 Na6 57. Ke3 Rg4 58. a5 bxa5 59. bxa5 Rxg3+
60. Kf4 Rh3 61. Bb5 Nc7 62. Bxd3 Rh4+ 63. Kf3 Ra4 64. Rc2 Nd5 65. Rc8+ Ke7 66.
Bb5 Ra3+ 67. Kf2 Ra2+ 68. Ke1 1-0

[Event "Leon 29th"]
[Site "Leon"]
[Date "2016.06.12"]
[Round "2.1"]
[White "Anand, Viswanathan"]
[Black "Wei, Yi"]
[Result "1-0"]
[WhiteElo "2770"]
[BlackElo "2694"]
[Annotator "Schulz,Andre"]
[PlyCount "99"]
[EventDate "2016.06.10"]
[EventType "k.o. (rapid)"]
[EventRounds "2"]
[EventCountry "ESP"]
[SourceTitle "CBM 173"]
[Source "ChessBase"]
[SourceDate "2016.07.12"]
[SourceVersion "1"]
[SourceVersionDate "2016.07.12"]
[SourceQuality "1"]

1. e4 e5 2. Nf3 Nc6 3. Bc4 Bc5 4. O-O Nf6 5. d3 d6 6. c3 a6 7. a4 h6 8. Re1 O-O
9. Nbd2 Re8 10. Nf1 Ba7 11. Ng3 Be6 12. Bxe6 Rxe6 13. b4 d5 14. Qc2 b5 15. Be3
Bxe3 16. Rxe3 d4 17. Ree1 dxc3 18. Qxc3 Qf8 19. axb5 axb5 20. Rxa8 Qxa8 21. Nf5
Qf8 22. Rb1 g6 23. Ne3 Qd6 24. Nc2 Qd8 25. h3 Kh7 (25... Nd7 {hätte c5 unter
Kontrolle gehalten.}) 26. Na3 Nd4 (26... Qb8 27. Qc5 $16) (26... Nh5 $5 27.
Nxb5 Nf4 28. Qc2 Rf6 29. Ne1 Qd7 {mit Gegenspiel für den Minusbauern.}) 27.
Nxd4 exd4 28. Qc5 c6 29. Nc2 $16 {d4 und c6 sind schwach. Weiß hat nun
deutlichen Vorteil.} Rd6 30. Ra1 Nh5 31. Ra7 Kg8 {[#]} 32. Ra8 $6 {Weiß
spielt etwas sorglos.} ({Richtig war} 32. e5 $1 Rd7 33. Rxd7 Qxd7 34. Nxd4 $18)
32... Qxa8 33. Qxd6 Qa2 34. Nxd4 ({Nach} 34. Qxc6 Qb1+ 35. Kh2 Qf1 36. Nxd4
Qxf2 {ist die Partie ebenfalls unklar.}) 34... Qb1+ 35. Kh2 Qxd3 36. f3 Qd2 (
36... Kh7 $5) 37. Nxb5 {[#]} Qg5 $2 (37... Qf2 $5 38. Nd4 (38. Nc3 g5 {mit der
hässlichen Drohung Sf4.} 39. Nd1 Qe1 40. Qxh6 Qg3+ 41. Kg1 Qe1+ $11) 38... g5
$132) 38. Na7 Nf4 39. Qd2 Kh7 (39... c5) 40. Nxc6 $18 Qf6 41. e5 Qf5 42. b5 Ne6
43. b6 Nc5 44. Qb4 Nb7 45. Qe4 Qe6 46. f4 Nc5 47. Nd8 Qxb6 48. Qd5 Ne6 49. Nxe6
fxe6 50. Qd7+ 1-0

[Event "Leon 29th"]
[Site "Leon"]
[Date "2016.06.12"]
[Round "2.2"]
[White "Wei, Yi"]
[Black "Anand, Viswanathan"]
[Result "1/2-1/2"]
[WhiteElo "2694"]
[BlackElo "2770"]
[Annotator "Schulz,Andre"]
[PlyCount "73"]
[EventDate "2016.06.10"]
[EventType "k.o. (rapid)"]
[EventRounds "2"]
[EventCountry "ESP"]
[SourceTitle "CBM 173"]
[Source "ChessBase"]
[SourceDate "2016.07.12"]
[SourceVersion "1"]
[SourceVersionDate "2016.07.12"]
[SourceQuality "1"]

1. d4 d5 2. c4 e6 3. Nf3 Nf6 4. g3 Bb4+ 5. Bd2 Be7 6. Bg2 O-O 7. O-O Nbd7 8.
Qb3 c6 9. Rc1 b6 10. Bf4 Bb7 11. cxd5 Nxd5 12. Nc3 c5 13. Nxd5 Bxd5 14. Qa4
cxd4 15. Bc7 Qe8 16. Nxd4 Bxg2 17. Kxg2 Nc5 18. Qxe8 Rfxe8 19. Nb5 Rec8 20. Bf4
g5 21. Be3 Bf6 22. Rab1 Be7 23. Rc2 a5 24. Rbc1 Rd8 25. Na3 Na4 26. Nc4 b5 27.
Ne5 Bf6 28. Nc6 Bxb2 29. Rxb2 Nxb2 30. Nxd8 Rxd8 31. Bxg5 {[#]} Rd1 $2 (31...
Rd5 32. Bf6 {droht Matt.} Nc4 33. a4 $16) 32. Rc7 $2 (32. Rxd1 Nxd1 33. Bf6 $18
{fängt den Springer.}) 32... Kg7 $11 33. Rb7 Rd5 34. h4 Nc4 35. e4 Nd6 36. Ra7
Nxe4 37. Rxa5 1/2-1/2